Statistics for First country alphabetically by Letter

Click here to take the quiz!

General Stats

  • This quiz has been taken 27 times
  • The average score is 20 of 24

Answer Stats

LetterCountry% Correct
LLaos
95%
OOman
95%
QQatar
95%
YYemen
95%
ZZambia
95%
AAfghanistan
91%
BBahamas
91%
CCabo Verde/Cambodia
91%
DDenmark
91%
JJamaica
91%
NNamibia
91%
VVanuatu
91%
FFiji
86%
GGabon
86%
HHaiti
86%
PPakistan
86%
UUganda
82%
IIceland
77%
MMacedonia
77%
EEcuador
64%
KKazakhstan
64%
RRomania
64%
TTaiwan
55%
SSaint Kitts and Nevis
50%

Score Distribution

Percentile by Number Answered

Percent of People with Each Score

Your Score History

You have not taken this quiz